Olivia Rodrigo - Paroles happier - Statistiques

Statistiques générales
  • Ce quiz a été pris 445 fois
  • Le résultat moyen est 234 sur 279
Statistiques - réponses
Hint Réponse % Correct
a
98%
I
98%
you
98%
Your
97%
your
97%
happy
96%
happy,
96%
But
95%
but
95%
Couplet 1 We
95%
be
94%
me?
94%
me
94%
hope
93%
know,
93%
know
93%
no
93%
you're
93%
do
92%
Refrain Oh,
92%
Bridge Ooh,
92%
ooh
92%
ooh,
92%
so
92%
So
92%
happier
91%
the
91%
like
90%
Like
90%
on,
90%
on
90%
with
90%
don't
89%
girl
89%
not
89%
she
89%
She
89%
ago
88%
better
88%
broke
88%
go
88%
I'm
88%
let
88%
month
88%
up
88%
were
88%
can't
87%
One
87%
one
87%
selfish,
87%
she's
87%
An
86%
are
86%
find
86%
someone
86%
beautiful
85%
beautiful,
85%
friends
85%
her
85%
her,
85%
And
84%
how
83%
most
83%
ever
82%
You've
82%
you've
82%
mine,
81%
seen?
81%
tell
81%
to
81%
great,
79%
great
79%
looks
78%
love
78%
butterflies
77%
gives
77%
kind
77%
mean
77%
new
77%
pretty
77%
probably
77%
when
77%
never
76%
best,
74%
moved
74%
wish
74%
about
73%
sweet,
73%
all
72%
forgot
72%
bullshit
71%
in
70%
Does
69%
just
69%
Just
69%
more
69%
of
69%
really
69%
brings
68%
my
68%
who
68%
it
67%
said
67%
first
66%
Remember
65%
now
64%
was
64%
believed
63%
loved
63%
out
63%
heart
62%
Say
62%
think
62%
baby,
60%
thought
60%
hands
57%
apart
56%
eternal
56%
past
56%
found
55%
you'll
55%
our
54%
pickin'
50%
sunlight
50%
From
48%
meant
46%
detached
40%
down
39%
make
34%
miss
31%
cuttin'
26%
will
26%
fondly
22%
wretched
17%
Aucun quiz correspondant
Distribution des résultats
% des personnes avec chaque résultat
Percentile par nombre de réponses
Votre historique - résultats
Vous n’avez pas pris ce quiz